000 00617nam a2200229Ia 4500
003 OSt
005 20220924140034.0
006 a|||||r|||| 00| 0
007 ta
008 220923b |||||||| |||| 00| 0 ben d
024 _a293436
037 _cTextual
040 _aARTS
_cARTS
_bben
041 _2ben
_aben
082 _aO157:gN3, L3
100 _aChawdhury Gopikanath Roy
_9210890
245 0 _aDui visbyudhar maddaykalin bangla katha sahitya
260 _c1973
650 _aBENGALI LITERATURE
942 _hO157:gN3, L3
_cTEXL
_2CC
999 _c442729
_d442729